000 00695nam a22002177a 4500
003 OSt
005 20250701054036.0
008 250701b |||||||| |||| 00| 0 eng d
020 _a 9789710596102
040 _aDWCL - Main lib
_cOC
082 _aFil. 338.04 G573e 2018
100 _aGo, Josiah
245 _aEnterpreneurship :
_bstarting an enterprise. having an innovation mindset/
_cJosiah Go
260 _a Quezon City :
_bJosiah and Carolina Go Foundations,
_cc2018.
300 _a xx, 359 pages :
_b illustrations ;
_c26 cm.
504 _aIncludes references
650 _a1. Enterpreneurship
650 _a2.
700 _aChiqui Escareal Go
942 _2ddc
_cBK - FIL
_kFil.
_n0
999 _c3332
_d3332